000 01225nam a22004090a 4500
001 PT58770
003 AR-LpoUNG
005 20210131231901.0
008 191001s2007||||ag |||||||||||||||||spa d
020 _a9789872255947
_c$10
040 _aAR-LpoUNG
_bspa
_cAR-LpoUNG
_eaacr
041 _aspa
044 _aag
082 0 _a334.01 462eco
100 1 _aReynoso, Mabel
_ecoor.
245 1 3 _aLa economía social en las comunas de la Ciudad Autónoma de Buenos Aires
250 _a1ra. ed.
260 _aBuenos Aires :
_bGobierno de la Ciudad Autónoma de Buenos Aires,
_c2007.
300 _a120 p. :
_btbls., mapas
650 4 _aARGENTINA
650 4 _aBARRIOS
650 4 _aECONOMIA
650 4 _aEQUIDAD ECONOMICA
650 4 _aEQUIDAD SOCIAL
650 4 _aGOBIERNO LOCAL
650 4 _aPARTICIPACION DEL ESTADO
651 4 _aArgentina
653 _aDESARROLLO LOCAL
653 _aECONOMIA SOCIAL
653 _aECONOMIA SOLIDARIA
700 1 _aAbboud, Omar
_epról.
700 1 _aCordero, Maximiliano
_ecoor.
700 1 _aMorán, Gustavo
_eint.
710 2 _aBuenos Aires. Ministerio de Derechos Humanos y Sociales. Dirección General de Economía Social
905 _a58770
942 _cLIB
999 _c12413
_d12413